Phương pháp dạy học giáo dục học
Giới thiệu một số kinh nghiệm và ý kiến bước đầu về lý luận dạy học môn giáo dục học.
Đã lưu trong:
| Tác giả chính: | |
|---|---|
| Định dạng: | Sách |
| Năm xuất bản: |
H:
Đại học quốc gia Hà Nội
1996
|
| Phiên bản: | In lần thứ 2 có sửa chữa và bổ sung |
| Chủ đề: | |
| Tags: |
Thêm thẻ
Không có thẻ, Hãy là người đầu tiên gắn thẻ bản ghi này!
|
| LEADER | 00750nam a2200169 4500 | ||
|---|---|---|---|
| 082 | |a 371.3 |b NG527NH | ||
| 100 | |a Nguyễn Như An | ||
| 245 | |a Phương pháp dạy học giáo dục học |c Nguyễn Như An | ||
| 250 | |a In lần thứ 2 có sửa chữa và bổ sung | ||
| 260 | |a H: |b Đại học quốc gia Hà Nội |c 1996 | ||
| 300 | |a 195tr. |c 21cm. | ||
| 520 | |a Giới thiệu một số kinh nghiệm và ý kiến bước đầu về lý luận dạy học môn giáo dục học. | ||
| 653 | |a Giáo dục học | ||
| 653 | |a Phương pháp dạy học | ||
| 942 | |2 ddc |c SH | ||
| 999 | |c 10141 |d 10141 | ||
| 952 | |0 0 |1 0 |2 ddc |4 0 |6 371_300000000000000_NG527NH |7 0 |8 300 |9 79018 |a qbu |b qbu |c D2 |d 2015-07-20 |g 13500 |o 371.3 NG527NH |p 10141.c1 |r 0000-00-00 |w 2015-07-20 |y SH | ||